| 000 | 01740cam a2200301 i 4500 | ||
|---|---|---|---|
| 999 |
_c12657 _d12657 |
||
| 003 | OSt | ||
| 005 | 20240705195910.0 | ||
| 008 | 230307s2023 sz a b 001 0 eng | ||
| 016 | 7 |
_a1272544540 _2DE-101 |
|
| 020 |
_a9783035625639 _q(harcover) |
||
| 042 | _alccopycat | ||
| 072 | 7 |
_aNA _2lcco |
|
| 082 | 0 | 4 |
_a720 _223 |
| 100 | 1 |
_aWong, Liliane, _eauthor. |
|
| 245 | 1 | 0 |
_aAdaptive reuse in architecture : _ba typological index / _cLiliane Wong. |
| 300 |
_a255 pages : _billustrations ; _c24 cm |
||
| 504 | _aIncludes bibliographical references (pages 240-242) and index. | ||
| 505 | 0 | _aLooking back -- Energy -- Manufacturing -- Agriculture -- Transportation -- Religion -- New heritage -- Looking ahead. | |
| 520 | _a"Liliane Wong's latest volume on adaptive reuse in architecture presents 50 spectacular conversion and reuse projects worldwide, including buildings such as the TWA Hotel at NewYork's John F. Kennedy Airport, the CaixaForum in Madrid, and the New Museum in Berlin. The projects are presented using a new classification system that addresses practitioners as well as academics. The author's introductory essay provides a comprehensive overview and historical context for the enormous evolution and expansion of adaptive reuse over the past 50 years."--Publisher. | ||
| 650 | 0 |
_aBuildings _xRemodeling for other use. |
|
| 650 | 0 |
_aArchitecture _xHistory _y21st century. |
|
| 650 | 6 | _aAppropriation (Architecture) | |
| 650 | 6 |
_aConstruction _xMatériaux _xRecyclage. |
|
| 650 | 7 |
_aAppropriation (Architecture) _2fast |
|
| 650 | 7 |
_aBuilding materials _xRecycling _2fast |
|
| 776 | 0 | 8 |
_iebook version : _aWong, Liliane. _tAdaptive reuse in architecture _dBasel, Switzerland : Birkhäuser, [2023] _z9783035625646 |
| 942 | _2ddc | ||